| 000 | 00495nam a22001817a 4500 | ||
|---|---|---|---|
| 003 | OSt | ||
| 005 | 20200507140746.0 | ||
| 008 | 191207b ||||| |||| 00| 0 eng d | ||
| 020 | _a9789993676584 | ||
| 040 | _c0 | ||
| 050 | _a00 | ||
| 082 |
_222 _a413.39549 |
||
| 100 | _aDzongkha Development Commission. | ||
| 245 | _aEnglish-Dzongkha pocket dictionary / | ||
| 260 |
_aThimphu : _bDzongkha Development Commission, _cc2010. |
||
| 300 |
_axviii, 1033p. ; _bill. ; _cc2010. |
||
| 942 |
_2ddc _cDIC _093 |
||
| 999 |
_c1867 _d1867 |
||